header

Future of the nuclear security environment in 2015 (Record no. 3997)

MARC details
000 -LEADER
fixed length control field 01823nam a2200337Ia 4500
245 00 - TITLE STATEMENT
Title Future of the nuclear security environment in 2015
260 ## - PUBLICATION, DISTRIBUTION, ETC. (IMPRINT)
Place of publication Washington, D.C. :
Name of publisher National Academies Press,
Year of publication c2009.
300 ## - PHYSICAL DESCRIPTION
Number of Pages xiv, 309 p. :
Other physical details ill.
650 #0 - SUBJECT ADDED ENTRY--TOPICAL TERM
Topical Term Nuclear arms control
700 1# - ADDED ENTRY--PERSONAL NAME
Personal name Sarkisov, A. A.
Personal name Gottemoeller, Rose E.
856 40 - ELECTRONIC LOCATION AND ACCESS
Uniform Resource Identifier http://site.ebrary.com/lib/rucke/Doc?id=10280003

No items available.

© 2026 Rongo University
Contact us: librarian | system librarian | Rongo university